00684nam a2200181 a 4500008004100000050001400041100004500055245005000100260003300150300001400183350000900197650002000206650001400226650002000240995009500260999001700355952013000372120416s1964 ||||||||||||||||| || u aHD 82 Sin aSinger, H. W. (Hans Wolfgang), 1910-200610aInternational development: growth and changes aNew York:bMcGraw-Hillc1964 axiv, 295p a0.00 aECONOMIC CHANGE 0aECONOMICS aECONOMIC GROWTH D0.00FCBU-MAIN LIBRARY (Kitwe)H1I0.00M1UAVAILABLEZMain Library Open Access Collection c47333d47333 00102lcc4070a001b001cMain Library Open Access Collectiond2022-11-30l0oHD 82 Sinp004676r2022-11-30w2022-11-30y002